Quizzes
Events
Quiz Creation
Community
Videos
Private Events
Remove Ads
Sign In
Join for FREE
Feedback
Dark Mode
Quiz Categories
Sports
Geography
Music
Movies
Television
Just For Fun
Miscellaneous
History
Literature
Language
Science
Gaming
Entertainment
Religion
Holiday
For Kids
Quiz Lab
Recent
Popular Today
Quiz Kudos Today
Editor Picks
Curator Picks
Quizzes by...
Day
Popularity
Type
Ratings
Length
Year
Community
Subscriptions
Recent Discussions
Orange Saloon
Badges
Playlists
Quests
Create
Leaderboards
Showdown
Live 5
Trivia Bingo
Activity
Puzzle Library
Sporcle Events
Private Events
Virtual Trivia
Globe League
Become a Host
Pub Owners
SporcleCon
Opinionation
Our Games
Videos
Blog
Mobile Apps
Partnerships
Remove Ads and Go Orange
Feedback
History
US Presidents
World Leaders
Politics
Nation
Discovery
War
Decade
Year
Century
Biography
Art
History
US Presidents
World Leaders
Politics
Nation
Discovery
War
Decade
Year
Century
Biography
Art
Random Quiz
Search Sporcle
×
Quiz Lab
Quiz Lab
History
Art
Type in answers that appear in a list
Type in answers that appear in a list
Classic
Best Score? Go Orange.
Artistic Movements Stats
Can you name the art movement from the representative piece?
By
CGl
5m
24 Questions
389 Plays
389 Plays
389 Plays
Comments
Comments
Give Quiz Kudos
Give Quiz Kudos
-
- Ratings
hide this ad
Forced Order
Answers have to be entered in order
Answers have to be entered in order
Replay
Link that replays current quiz
Next Quiz
Link to next quiz in quiz playlist
You Got
0%
They Got
Avg Score
41%
Avg Friend Score
Upgrade to see
Score Distribution
Jump to the score distribution portion of the page
Score
0/24
Timer
05:00
0
Plays Today
art work
movement, style or period
% Correct
The Boating Party by Auguste Renoir
Impressionism
74%
The School of Athens by Raphael
Renaissance
69.9%
Woman with the Hat, Paris by Henri Matisse
Fauvism
68.1%
Time Transfixed by Rene Magritte
Surrealism
63.5%
Fountain by Marcel Duchamp
Dada
62.2%
Violin and Candlestick by Georges Braque
Analytical Cubism
60.2%
Sunday Afternoon on the Island of la Grande Jatte by Georges Seurat
Divisionism
57.3%
Death of Marat by Jacques-
Louis David
Neo-Classical
56.8%
Spirit of the Dead Watching by Paul Gauguin
Post-Impressionism
53.2%
Samson and Delilah by Peter Paul Rubens
Flemish Baroque
48.6%
Madonna with the Long Neck by Parmigianino
Mannerism
45.5%
The Gross Clinic by Thomas Eakins
Realism
42.2%
art work
movement, style or period
% Correct
Elasticity by Umberto Boccioni
Futurism
42.2%
Italian Comedians by Antoine Watteau
Rococo
38.3%
Woman V by Willem de Kooning
Abstract Expressionism
37%
The Nightmare by Henry Fuseli
Romanticism
28.3%
Bride of the Wind by Oscar Kokoschka
German Expressionism
27.2%
Retroactive I by Robert Rauschenburg
Pop Art
25.2%
Philip Glass by Chuck Close
Photographic Realism
20.8%
The Cyclops by Odilon Redon
Symbolism
18.8%
Isabella and the Pot of Basil by William Holman Hunt
Pre-Raphaelite
18.8%
Movement in Squares by Bridget Riley
Op Art
18.3%
The Yellow Cow by Franz Marc
Der Blau Reiter
11.8%
Ad Parnassum by Paul Klee
Bauhaus
10.3%
Quiz Playlist
Details
Report
Send in Message
Add To Playlist
Classic:
Type in answers that appear in a list
Forced Order:
Answers have to be entered in order
Last Updated: Feb 16, 2017
Quiz Scoreboard
CHALLENGE
Sign Up to Join the Scoreboard
Show All
Scores
Hide
Comments
May contain spoilers
Recently Published
Pick 6: Fruits
by JohnFran
Miscellaneous
15s
Click the 1999 NBA Draft
by nibperrychub
Sports
2m
Alphabetical 'K' Countries by Flag Minefield
by ylime102
Geography
3m
More to Explore
Quiz From the Vault
Featured Blog Post
15 Basketball Trivia Facts You Can Be March Mad About
hide this ad
You Might Also Like...
Tags
Art Quiz
Artist Quiz
Movement
Period
piece
Representative
Style
Today's Top Quizzes in History
Browse History
hide this ad
Today's Top Quizzes in Art
Browse Art
Top Contributed Quizzes in History
1
Famous Spring Paintings
2
Mahatma Gandhi, This Is Your Life
3
'NCAA' US History
4
I Am Born On March 18th
5
George Washington, This Is Your Life
6
Abraham Lincoln, This Is Your Life
7
Arab Spring Nations
8
Marco Polo, This Is Your Life
9
10 to 1: Generals by War
10
John F. Kennedy, This Is Your Life
Explore More
Trending Topics
Anime
Harry Potter
Disney
Crossword
NBA
Marvel
Kpop
NFL
Soccer
The Office
Pokémon
Song
Country
Puzzle
WWE
hide this ad
More By:
CGl
Quiz
Plays
Rating
Category
Featured
Created
Countries Formerly Known As
3,614
3.66
Geography
Oct 26, 2009
British Monarch's Spouses
963
4.67
History
Oct 26, 2009
Royal Family
714
2.86
History
Feb 23, 2010
Defunct Countries
706
4.21
Geography
Oct 31, 2009
Single Syllable Countries
631
4.25
Geography
Oct 25, 2009
Go to Creator's Profile
Score Distribution
Quiz Creator Spotlight
CGl
Follow
Send a Message
Quizzes Created
-
Created Quiz Play Count
-
More By This Creator
Popular Quizzes Today
1
Countries of Asia Without Outlines Minefield
2
Find the US States - No Outlines Minefield
3
Pick 6: Fruits
4
Alphabetical 'K' Countries by Flag Minefield
5
The Countries of the World
6
Find the US States
7
Match the Book to the Film X
8
US States
More History Quizzes
Name It After Me! (III)
Published
Trending Quizzes
Pick 6: Harry Potter
Pick 6: Mountains
Pick 6: NFL Teams
Pick 6: Movie Franchises
Pick 6: Golfers
Recently Updated
NWSL Teams
pecheneg
Women's Final Four Teams by Year
bhenderson79
Presidents Quartet II
eogle
Anything But Clue(do)
eogle
Anything But Oceanian Capitals
eogle
Anything But 7
eogle
Anything But Thing
eogle
Word Ladder: February 29
pecheneg
Song Title Questions
pecheneg
Women's NCAA Tournament #1 Seeds
pecheneg
Trending Topics
Crossword
Harry Potter
Marvel
NBA
Kpop
Disney
Anime
The Office
NFL
Song
Country
Pokémon
Soccer
WWE
Puzzle
Your Account Isn't Verified!
In order to create a playlist on Sporcle, you need to verify the email address you used during registration. Go to your
Sporcle Settings
to finish the process.
Report this User
Report this user for behavior that violates our
Community Guidelines
.
Details:
Send Report
Go to the Sporcle.com Mobile Site →
Comments